Знахар (Запис № 17770)

000 -Маркер запису
Контрольне поле сталої довжини 01986nam a22002537a 4500
003 - Належність контрольного номера
Контрольне поле Uzh_bibl
008 - Кодовані дані
Контрольне поле сталої довжини 260515b |||||||| |||| 00| 0 ukr d
020 ## - Індекс ISBN
ISBN 978-966-2647-18-1
Ціна 75.00
040 ## - Джерело каталогіз.
Код мови каталог. укр.
041 ## - Код мови видання
Код мови оригіналу польська
Код мови тексту українська
080 ## - Індекс УДК
Індекс УДК 821(438)
090 ## - Шифри
Поличний індекс 821(438)
Авторський знак Д 64
100 ## - Автор
Автор Доленга-Мостович,Тадеуш
245 ## - Назва
Назва Знахар
Відповідальність пер.з поль.Б.Антоняк
Фізичний носій Текст
260 ## - Вихідні дані
Місце видання Львів
Видавництво Урбіно
Дата видання 2018
300 ## - Фізичний опис
Обсяг 304 с.
Тип одиниці В опр.
520 ## - Анотація
Анотація Довоєнна Польща. Родинна трагедія змінює все життя геніального хірурга Рафала Вільчура. Від нього йде кохана дружина, забравши із собою маленьку доньку. Того ж таки дня професор Вільчур опиняється на вулиці, де волоцюги побачивши у нього велику суму грошей, вивозять його за місто і, вдаривши по голові, покидають непритомного. Отямившись, Вільчур не пам’ятає, хто він і де живе. Так починаються довгі роки його поневірянь… Проте доля усміхається йому. Уже під іменем Антонія Косиби він знаходить притулок у сім’ї мельника, де рятує від каліцтва молодшого сина господаря і стає членом родини. Відтоді про знахаря заговорили в усій околиці…
521 ## - Примітка про цільове призначення
Примітка про цільове призначення Для широкого кола читачів
546 ## - Примітка про мову
Примітка про мову укр.
650 ## - Тематичні рубрики
Основна рубрика Літературно-художнє видання
653 ## - Ключові слова
Ключові слова Професор
-- Трагедія родини
-- Хірург
655 ## - Термін індексування — жанр/форма
Жанр/форма Проза
Типове ділення Роман
942 ## - ADDED ENTRY ELEMENTS (KOHA)
Джерело класифікації чи схема поличного розташування
Koha item type Книги
Фонди
Статус вилучення Статус втрати/відсутності Джерело класифікації чи схема поличного розташування Статус пошкодження Тип обігу (не для випозичання) Постійне розташування Поточне розташування Розташування у відділі Дата надходження Інвентарний номер Total Checkouts Повний (примірниковий) шифр зберігання Штрих-код Date last seen Дата, для якої чинна ціна заміни Тип одиниці (рівень примірника)
          Бібліотека-філія №3 Бібліотека-філія №3 Абонемент старший відділ 15/05/2026 71837   821(438) 4216 15/05/2026 15/05/2026 Книги

Працює на АБІС Коха